[Event "Washington Class Championships"]
[Site "Redmond, WA"]
[Date "2012.11.25"]
[Round "5"]
[White "Szabo Marcell  (WA)"]
[Black "He Daniel  (WA)"]
[Result "1-0"]
[WhiteElo "1936"]
[BlackElo "2030"]
[Annotator ""]
[Source ""]
[Remark "Expert"]

1.e4 c5 2.Nf3 Nc6 3.d4 cxd4 4.Nxd4 Nf6 5.Nc3 e6 6.g3 Bb4 7.Bg2
Bxc3+ 8.bxc3 Qa5 9.Qd2 O-O 10.O-O d5 11.Nb3 Qb5 12.Qd3 Qxd3 13.cxd3
dxe4 14.dxe4 e5 15.f4 Re8 16.f5 b6 17.Bg5 Bb7 18.Bxf6 gxf6 19.Rad1
Rad8 20.Kf2 Ba6 21.Rfe1 Bd3 22.Rd2 a5 23.Red1 Bc2 24.Rxd8 Rxd8
25.Rxd8+ Nxd8 26.Nd2 Nb7 27.Nc4 b5 28.Ne3 Bb1 29.a3 Nd6 30.Nd5
Kg7 31.Nc7 Bxe4 32.Bxe4 Nxe4+ 33.Ke3 Nd6 34.Kf3 Kf8 35.Kg4 a4
36.h4 Ke7 37.Nd5+ Kd8 38.Nxf6 Nc4 39.Nxh7 Nxa3 40.h5 Nc4 41.h6
a3 42.Nf6 a2 43.h7 a1Q 44.h8Q+ Kc7 45.Nd5+ Kb7 {?}
( 45...Kd7 {=} ) 46.Qd8 Ka7 47.Qd7+ Ka6 48.Nb4+ Kb6 49.Qc6+ Ka7
50.Qc7+ Ka8 51.Nc6 Qd1+ 52.Kg5 Qd2+ 53.Kf6 Qd6+ 54.Qxd6 Nxd6
55.Nxe5 Kb7 56.Nxf7 Ne4+ 57.Ke5 Nxg3 58.f6 Kc7 59.Ng5 Kd7 60.Nh7
{%02+-  (The remainder of the game is missing, but White is noted as the winner.)}
 1-0

[Event "Washington Class Championships"]
[Site "Redmond, WA"]
[Date "2012.11.23"]
[Round "2"]
[White "Perez Ignacio  (WA)"]
[Black "Pupols Viktors  (WA)"]
[Result "1/2-1/2"]
[WhiteElo "2273"]
[BlackElo "2200"]
[Annotator ""]
[Source ""]
[Remark "Master"]

1.e4 e5 2.Nf3 Nc6 3.Bb5 a6 4.Ba4 Nf6 5.O-O d6 6.c3 Bd7 7.Re1
g6 8.d4 b5 9.Bb3 Bg7 10.Nbd2 O-O 11.h3 Re8 12.a4 Na5
( 12...Na5 13.Bc2 c6 14.Nf1 h6 15.Ng3 Kh7 16.Nh2 g5 17.Qf3 Nb7
18.Nf5 Qc8 19.Nxg7 Kxg7 20.Qe3 Qc7 21.h4 Nh7 22.Qg3 f6 23.f4
Qd8 24.hxg5 fxg5 25.fxg5 hxg5 26.dxe5 dxe5 27.Nf3 Kh6 28.Nxe5
Re7 29.Rf1 Qg8 30.Qh4+ Kg7 31.Bxg5 {1-0, Schwab Patrick (GER) 2113 - Kindler Kristian, Schoeneck (Germany) 2002}
) 13.Bc2 c5 14.d5 c4 15.Nf1 Nb7 16.Be3 Qc7 17.N3d2 Nc5 18.Ng3
Nxa4 19.Rb1 Nc5 20.f4 exf4 21.Bxf4 Bc8 22.Nf3 Nfd7 23.Rf1 Ne5
24.Qd2 Bb7 25.Bh6 f6 26.Nd4 Bxh6 27.Qxh6 Qg7 28.Qf4 Rf8 29.Bd1
Rae8 30.Bg4 Bc8 31.Bxc8 Rxc8 32.Ra1 Rce8 33.Ra2 Qd7 34.Rfa1 Rf7
35.Ne6 Nb3 36.Rf1 a5 37.Ne2 a4 38.N2d4 Nd3 39.Qh4 Ndc5 40.Rxf6
Rxf6 41.Qxf6 Nxe4 42.Qf4 Nec5 43.Kh2 Nxd4 44.Nxd4 Nb3 45.Nxb3
cxb3 46.Ra1 Qe7 47.c4 Qe5 48.Qxe5 Rxe5 49.cxb5 Rxd5 50.Rxa4 Rxb5
51.Ra7 Rd5 52.Rb7 Rd3 53.Kg1 h5 54.Kf1 1/2-1/2

[Event "Washington Class Championships"]
[Site "Redmond, WA"]
[Date "2012.11.25"]
[Round "6"]
[White "Perez Ignacio  (WA)"]
[Black "MacGregor Michael  (WA)"]
[Result "1/2-1/2"]
[WhiteElo "2273"]
[BlackElo "2214"]
[Annotator ""]
[Source ""]
[Remark "Master"]

1.e4 e5 2.Nf3 Nc6 3.Bb5 a6 4.Ba4 Nf6 5.O-O Be7 6.Re1 b5 7.Bb3
d6 8.c3 Na5 9.Bc2 c5 10.d4 Qc7 11.Nbd2 Bg4 12.h3 Bxf3 13.Nxf3
O-O 14.b3 b4 15.cxb4 cxb4 16.Bb2 Nd7 17.Rc1 Rfd8 18.Bb1 Qb6 19.Qe2
Bf6 20.Red1 Nc6 21.Rc2 exd4 22.Rcd2 Nc5 23.Nxd4 Nxd4 24.Bxd4
Bxd4 25.Rxd4 Ne6 26.R4d2 Rac8 27.g3 Rc3 28.Kg2 Qc6 29.Bd3 Nc5
30.Bc4 g6 31.Bd5 Qe8 32.Rd4 a5 33.Rc4 Rxc4 34.Qxc4 Kg7 35.f4
f6 36.g4 Rc8 37.Rc1 Rc7 38.Qd4 h6 39.Rc4 g5 40.fxg5 hxg5 41.Rc2
Qe5 42.Qxe5 dxe5 43.Kg3 Ne6 44.Bc4 Nd4 45.Rh2 Rc8 46.h4 gxh4+
47.Rxh4 a4 48.Kf2 a3 {=} ( 48...axb3 49.axb3 Ra8 $17 ) 49.Rh1
Kg6 50.Ke3 Rd8 51.Bd5 {%02$17/$19} ( 51.Rh5 {=} ) Nb5 52.Be6
Nc3 53.Bf5+ Kg7 54.Rh7+ Kg8 55.Rh6 Nxa2 56.Rxf6 Nc3 57.Ra6 a2
58.g5 Rd1 59.Ra8+ Kg7 {=} ( 59...Kf7 {%02$17/$19  Appears to maintain Black's advantage.}
) 60.Ra7+ Kf8 61.g6 Rg1 62.Kf2 Rg5 63.Ke3 Ke8 64.Kf2 Kd8 65.Kf1
Rh5 66.Kg2 Rg5+ 67.Kf2 Nd1+ 68.Kf1 Nc3 69.Kf2 1/2-1/2

[Event "Washington Class Championships"]
[Site "Redmond, WA"]
[Date "2012.11.25"]
[Round "5"]
[White "Haining Kyle  (WA)"]
[Black "Xing Casey  (WA)"]
[Result "1/2-1/2"]
[WhiteElo "1918"]
[BlackElo "2086"]
[Annotator ""]
[Source ""]
[Remark "Expert"]

1.e4 e6 2.d4 d5 3.Nd2 Nf6 4.e5 Nfd7 5.c3 c5 6.Bd3 Nc6 7.Ne2 cxd4
8.cxd4 f6 9.exf6 Nxf6 10.Nf3 Bd6 11.O-O O-O 12.Bf4 Bxf4 13.Nxf4
Qd6 14.g3 Kh8 15.Re1 Bd7 16.Ng5 e5 17.dxe5 Nxe5 18.Bxh7 Nxh7
19.Rxe5 Bf5 20.Rxd5 Qxd5 21.Qxd5 Nxg5 22.Rd1 {+-} Nh7 23.Rd4
Rae8 24.g4 Bb1 25.Nh5 Re7 26.Ng3 Ref7 27.Rd2 Rf4 28.h3 Re8 29.Rd1
Bg6 30.a3 ( 30.Qxb7 ) b6 31.g5 Nf8 32.Rd4 Re1+ 33.Kg2 Ne6 34.Rd1
Rf8 35.Qd2 Be4+ 36.Nxe4 Rxe4 37.Re1 Rd4 38.Qe3 Nf4+ 39.Kf1 Rd3
40.Qe7 Kg8 41.h4 Rh3 42.Kg1 {%02  (My computer considers this position firmly in White's control (+4.08).  The players?  Apparently, not so much.)}
 1/2-1/2

[Event "Washington Class Championships"]
[Site "Redmond, WA"]
[Date "2012.11.24"]
[Round "3"]
[White "Bishop Alan  (WA)"]
[Black "Fields Noah  (WA)"]
[Result "1-0"]
[WhiteElo "2000"]
[BlackElo "1837"]
[Annotator ""]
[Source ""]
[Remark "Expert"]

1.e4 c5 2.Nf3 e6 3.Nc3 a6 4.d4 cxd4 5.Nxd4 Qc7 6.Be2 Nf6 7.O-O
b5 8.Bf3 Bb7 9.Re1 d6 10.a4 bxa4 11.Nd5 exd5 12.exd5+
( 12.exd5+ Kd8 13.Rxa4 Nbd7 14.Nc6+ Bxc6 15.dxc6 Nc5 16.Rb4 Rb8
17.Bd2 Rxb4 18.Bxb4 Kc8 19.Qa1 Qb6 20.Ba5 Qa7 21.Bg4+ Ne6 22.Rxe6
fxe6 23.Bxe6+ Kb8 24.c7+ Qxc7 25.Bxc7+ Kxc7 26.Qxa6 {1-0, Najdoski Toni (MKD) 2598 - Solak Dragan (SCG) 2510, Internet 2002}
) Kd8 13.Bg5 Nbd7 14.Ra3 Ne5 15.Rc3 Qd7 16.Nc6+ Ke8 17.Bxf6 gxf6
18.Bg4 f5 19.f4 ( 19.Nxe5 dxe5 20.Rxe5+ ) Bxc6 ( 19...fxg4 )
20.dxc6 Qa7+ 21.Kh1 fxg4 22.fxe5 d5 23.c7 Bb4 ( 23...Rc8 ) 24.c8Q+
Rxc8 25.Rxc8+ Ke7 26.Rxh8 Bxe1 27.Qxe1 Qd4 28.c3 ( 28.Qh4+ Kd7
29.Qd8+ Kc6 30.Qd6+ Kb5 31.Rb8+ Ka5 32.Qc7+ Qb6 33.Qxb6# ) Qf4
29.Qh4+ Kd7 30.Qd8+ Kc6 31.Qd6+ Kb5 32.Rb8+ Kc4 33.Qxa6+ Kc5
34.Rc8# 1-0

[Event "Washington Class Championships"]
[Site "Redmond, WA"]
[Date "2012.11.24"]
[Round "3"]
[White "Whitmer Audrey  (WA)"]
[Black "Thakur Asher  (WA)"]
[Result "0-1"]
[WhiteElo "980"]
[BlackElo "1149"]
[Annotator ""]
[Source ""]
[Remark "E"]

1.e4 c5 2.Nf3 d6 3.d4 cxd4 4.Nxd4 Nf6 5.Nc3 g6 6.Bb5+ Bd7 7.Bxd7+
Qxd7 8.Bg5 Bg7 9.Qd2 O-O 10.O-O-O Nc6 11.Nb3 Rac8 12.f4 Nb4 13.Bxf6
Bxf6 14.e5 Bg7 15.exd6 exd6 16.a3 Bxc3 17.bxc3 Na2+ 18.Kb2 Nxc3
19.Rdf1 Rfe8 20.f5 Re2 21.Qg5 Na4+ 22.Kc1 Rcxc2+ 23.Kb1 Nc3+
24.Ka1 Ra2# 0-1

[Event "Washington Class Championships"]
[Site "Redmond, WA"]
[Date "2012.11.24"]
[Round "2"]
[White "Hendricks David  (WA)"]
[Black "Buck Stephen  (WA)"]
[Result "1-0"]
[WhiteElo "1615"]
[BlackElo "1700"]
[Annotator ""]
[Source ""]
[Remark "B"]

1.d4 d5 2.Bf4 Nf6 3.e3 e6 4.Nd2 c5 5.c3 Nc6 6.Ngf3 Bd6 7.Bg3
O-O 8.Bd3 Qe7 9.Ne5 Bxe5 10.dxe5 Nd7 11.f4 f6 12.Nf3 g6 13.Qe2
fxe5 14.Nxe5 Ndxe5 15.fxe5 Qg7 16.O-O-O Nxe5 17.Bc2 Nc4 18.e4
Nb6 19.exd5 exd5 20.Bd6 Rd8 21.Bxc5 Nc4 22.Rxd5 Rxd5 23.Qe8+ 1-0

[Event "Washington Class Championships"]
[Site "Redmond, WA"]
[Date "2012.11.24"]
[Round "1"]
[White "Brusniak Benjamin  (WA)"]
[Black "Hendricks David  (WA)"]
[Result "0-1"]
[WhiteElo "1708"]
[BlackElo "1615"]
[Annotator ""]
[Source ""]
[Remark "B"]

1.d4 Nf6 2.c4 g6 3.Nc3 Bg7 4.e4 d6 5.Be2 O-O 6.Nf3 Bg4 7.O-O
Nbd7 8.Ne1 Bxe2 9.Qxe2 e5 10.d5 a5 11.b3 Nc5 12.f3 c6 13.Be3
cxd5 14.cxd5 Qd7 15.Rc1 Nh5 16.Nd3 Nxd3 17.Qxd3 Nf4 18.Qd2 Nh5
19.Na4 Ra6 20.g4 Nf4 21.Bxf4 exf4 22.Qxf4 Bd4+ 23.Kh1 b5 24.Nc3
Qa7 25.Nxb5 Qb6 26.Nxd4 Qxd4 27.Rfd1 Qb2 28.Qd2 Qf6 29.Kg2 Qe7
30.Rc6 Qb7 31.Rdc1 Rxc6 32.dxc6 Qc7 33.Qd5 Rc8 34.Qb5 Rb8 35.Qd5
Kf8 36.Rd1 Ke7 37.f4 Rc8 38.Rc1 f6 39.f5 Kf8 40.Rd1 {%02'time'?} 0-1

[Event "Washington Class Championships"]
[Site "Redmond, WA"]
[Date "2012.11.24"]
[Round "1"]
[White "Buntaran Alexius  (WA)"]
[Black "Clay Donovan  (WA)"]
[Result "1-0"]
[WhiteElo "960"]
[BlackElo "412"]
[Annotator ""]
[Source ""]
[Remark "F"]

1.e4 d5 2.exd5 Qxd5 3.Nc3 Qa5 4.Nf3 Nf6 5.Be2 Bf5 6.d3 e6 7.Bd2
c6 8.Ne4 Qc7 9.Ng3 ( 9.Nxf6+ gxf6 10.O-O Bd6 11.h3 Rg8 12.g4
h5 13.Nh4 Bh7 14.f3 Bh2+ 15.Kh1 Qg3 16.Be1 Qxh3 17.Ng2 Bg3+ {0-1, Blaschke Tobias (GER) 2023 - Frackowiak Oliver (GER) 2107, Griesheim (Germany) 2000}
) Bg4 10.h3 Bxh3 11.gxh3 Nbd7 12.Bc3 Bd6 13.Ne4 Nxe4 14.dxe4
O-O-O 15.Qd2 Rdg8 16.Qd3 h6 17.O-O-O g5 18.Bxh8 Rxh8 19.Qxd6
Qxd6 20.Rxd6 Kc7 21.Rhd1 Rd8 22.Ne5 f6 23.Nxd7 1-0

[Event "Washington Class Championships"]
[Site "Redmond, WA"]
[Date "2012.11.23"]
[Round "1"]
[White "Anthony Ralph  (WA)"]
[Black "Allen Robert  (WA)"]
[Result "1-0"]
[WhiteElo "1641"]
[BlackElo "1705"]
[Annotator ""]
[Source ""]
[Remark "B"]

1.e4 c5 2.Nf3 d6 3.d4 cxd4 4.Nxd4 Nf6 5.Nc3 g6 6.Bc4 Bg7 7.f3
O-O 8.Be3 Nc6 9.a3 Bd7 10.Qd2 Rc8 11.Ba2 Ne5 12.Bh6 Nc4
( 12...Bxh6 13.Qxh6 Qb6 14.O-O-O Nc4 15.Bxc4 Rxc4 16.Nde2 Rfc8
17.h4 Qa5 18.h5 g5 19.Rd3 Kh8 20.Rhd1 Ng8 21.Rd5 Qxd5 22.Rxd5
Nxh6 23.Rxg5 f6 24.Rg3 Nf7 25.Nf4 Rg8 26.Rxg8+ Kxg8 27.Nfd5 Kf8
28.Ne3 Rc8 29.Kd2 Ne5 30.b3 Be8 31.h6 Nf7 {0-1, Jonk Geert-Jan - Snuverink Laurens, Hengelo (Netherlands) 2000}
) 13.Bxc4 Rxc4 14.Bxg7 Kxg7 15.g4 Qa5 16.O-O-O Rfc8 17.Nb3 Qa6
18.Qd3 b5 19.Kb1 Qb6 20.g5 Nh5 21.Nd5 Qd8 22.Rc1 a5 23.Qe3 R8c6
24.Qa7 Ra4 25.Rhe1 Be6 26.Qxe7 Qc8 27.Nd4 Bxd5 28.exd5 Rcc4 29.Qxd6 1-0

[Event "Washington Class Championships"]
[Site "Redmond, WA"]
[Date "2012.11.25"]
[Round "6"]
[White "Whitmer Audrey  (WA)"]
[Black "Zhang Cheyenne  (WA)"]
[Result "0-1"]
[WhiteElo "980"]
[BlackElo "923"]
[Annotator ""]
[Source ""]
[Remark "E"]

1.e4 e5 2.Nf3 Nc6 3.Bb5 Nf6 4.Nc3 Bb4 5.O-O d6 6.d3 Bg4 7.Bg5
h6 8.Bh4 Bxc3 9.bxc3 O-O 10.h3 Bh5 11.Qe2 Qe7 12.Qe3 Qe6 13.Bxf6
Qxf6 14.Nh2 Rad8 15.f4 Rfe8 16.Qg3 ( 16.Bxc6 bxc6 17.f5 $16 )
exf4 17.Qxf4 Qxc3 18.Ba4 Qd4+ 19.Kh1 Qxa4 20.c4 Ne5 21.Qg3 Kh8
22.Qh4 Be2 23.Rf2 Bxd3 24.Ng4 Kg8 ( 24...Nxg4 25.Qxg4 Qxc4 )
25.Nxh6+ Kf8 ( 25...gxh6 ) 26.Nf5 Ng6 27.Qh7 Re6 28.Qxg7+ Ke8
29.Qg8+ Kd7 30.Qxf7+ Ne7 31.Nxe7 Rxe7 32.Qf5+ Ke8 33.Rf4 $19
( 33.Qg6+ {=} ) Qxc4 34.Qh5+ Rf7 35.Kh2 Ke7 36.Qg5+ Kd7 37.Qg4+
Kc6 38.Rxf7 Qxf7 39.Rc1+ Kb6 40.Qd1 Qf4+ 41.Kg1 Bb5 42.a4 Bxa4
43.Qd4+ c5 44.Qb2+ Bb5 45.Rc3 Qf1+ 46.Kh2 Rf8 47.Rc2 Kc6 48.e5
Qf4+ 49.Kg1 Qxe5 50.Qxe5 dxe5 51.g4 e4 52.h4 e3 53.g5 e2 54.Rxe2
Bxe2 55.Kg2 Bh5 56.Kg3 a5 57.g6 Bxg6 58.Kg4 Rh8 59.Kg3 a4 60.Kg4
a3 61.Kg3 a2 62.Kh3 a1Q 63.Kg3 Qd4 64.Kh3 Qxh4+ ( 64...Qg1 65.h5
Rxh5# ) 65.Kg2 Bd3 66.Kf3 Rf8+ 67.Ke3 Qf4+ 68.Kxd3 Re8 69.Kc2
Qd4 70.Kb3 Re3+ 71.Kc2 Rc3+ 72.Kb2 Qb4+ 73.Ka2 Ra3# 0-1

[Event "Washington Class Championships"]
[Site "Redmond, WA"]
[Date "2012.11.25"]
[Round "6"]
[White "Whitmer Charles  (WA)"]
[Black "Sly Douglas  (CAN)"]
[Result "1-0"]
[WhiteElo "1720"]
[BlackElo "1614"]
[Annotator ""]
[Source ""]
[Remark "A"]

1.e4 e6 2.d4 d5 3.Nc3 Be7 4.Qg4 Nf6 5.Qxg7 Rg8 6.Qh6 Rg6 7.Qe3
c5 8.e5 cxd4 9.Qxd4 Nc6 10.Bb5 Nd7 11.Bxc6 bxc6 12.g3 Bc5 13.Qf4
Ba6 14.Be3 Be7 15.Nf3 c5 16.Bd2 Rb8 17.Nd1 Bf8 18.Ng5 Qe7 19.Nxh7
Bg7 20.Qa4 Bb5 21.Nf6+ Nxf6 22.exf6 Bxf6 ( 22...Qb7 23.Qa3 d4
24.Rg1 Rxf6 $19 ) 23.Qf4 e5 24.Qe3 Bc6 25.Rg1 d4 26.Qa3 e4 27.Bf4
Rb7 28.Qa6 Qe6 29.b3 d3 30.c3 Be5 31.Bxe5 Qg4 32.Kf1 Qe2+ 33.Kg2
e3+ {?} ( 33...Qf3+ 34.Kf1 Bd7 {%02 and the queen falls, or black mates in three}
) 34.Qxc6+ Rxc6 35.Nxe3 d2 36.Nc4 Qe4+ 37.Kf1 Rd7 38.Rd1 Qd3+
39.Kg2 Qe2 40.Bf4 Rf6 41.Nxd2 Qa6 42.Rge1+ Kf8 43.a4 Qd3 44.c4
Qg6 45.Kh1 Qh5 46.h4 Re6 {?} ( 46...Rxf4 47.gxf4 Qxh4+ 48.Kg2
f6 49.Nf3 Qg4+ 50.Kf1 Rxd1 51.Rxd1 Qxf3 $19 ) 47.Kh2 Re2 48.Kg1
Rd4 49.Be3 Rxe1+ 50.Rxe1 Rd3 51.Bf4 Qg4 52.Kg2 Qd7 53.Ne4 Rxb3
{??} 54.Bh6+ Ke7 55.Nxc5+ 1-0

[Event "Washington Class Championships"]
[Site "Redmond, WA"]
[Date "2012.11.23"]
[Round "1"]
[White "Whitmer Charles  (WA)"]
[Black "Saarenas Mark  (WA)"]
[Result "1/2-1/2"]
[WhiteElo "1720"]
[BlackElo "1916"]
[Annotator ""]
[Source ""]
[Remark "A"]

1.e4 e6 2.d4 d5 3.Nc3 Bb4 4.e5 Ne7 5.Qg4 c5 6.Qxg7 Rg8 7.Qxh7
cxd4 8.a3 Qa5 9.Rb1 Bxc3+ ( 9...dxc3 {%02 is better} ) 10.bxc3
a6 11.Ne2 dxc3 12.Nd4 Qc5 13.Nb3 Qc7 14.f4 Bd7 15.Be3 Bb5 16.Nc5
b6 17.Bxb5+ axb5 18.Nd3 Rxg2 19.Rg1 Rxc2 20.Rg8+ Nxg8 21.Qxg8+
Ke7 22.f5 exf5 23.Bg5+ Kd7 24.Qxf7+ Kc8 25.Qe8+ Kb7 26.Qxb5 Rxh2
{?$16} ( 26...Qc6 $19 ) 27.Qxd5+ {?} ( 27.Nc5+ Ka7
( 27...Qxc5 28.Qxc5 Rh1+ 29.Ke2 Rxb1 30.Qxd5+ Ka7 31.e6 {+-} )
28.Qa4+ Na6 29.Qxa6+ Kb8 30.Nd7+ Qxd7 31.Rxb6+ Qb7 32.Qxb7# )
Nc6 28.Bf4 c2 29.Rc1 Rd8 30.Qf3 Rxd3 {?} ( 30...Rh4 $19 ) 31.Qxd3
Rh1+ 32.Kd2 Rd1+ 33.Rxd1 cxd1Q+ 34.Kxd1 Qd8 35.Qxd8 Nxd8 36.Bd2
b5 37.Ke2 Kc6 38.Kf3 Ne6 39.Bb4 Kd5 40.Bd6 Nd4+ 41.Kf4 Ke6 42.Ke3
Nc6 43.Kf4 Nd8 44.Bc7 Nc6 45.Bd6 Na5 46.Bc5 Nc4 47.Bb4 Nxe5 48.Ke3
Kd5 49.Kd2 Ke4 50.Kc3 f4 51.Bc5 Kd5 52.Bg1 f3 53.Kb4 Kc6 54.a4
bxa4 55.Kxa4 Kd5 56.Kb3 Ke4 57.Kc3 Ng4 58.Kd2 Kf4 59.Ke1 Ne3
60.Bf2 Ng4 1/2-1/2

[Event "Washington Class Championships"]
[Site "Redmond, WA"]
[Date "2012.11.25"]
[Round "6"]
[White "Pupols Viktors  (WA)"]
[Black "Wang Michael  (WA)"]
[Result "1/2-1/2"]
[WhiteElo "2200"]
[BlackElo "2148"]
[Annotator ""]
[Source ""]
[Remark "Master"]

1.c4 e5 2.d3 Nc6 3.Nc3 f5 4.g3 Nf6 5.Bg2 Bb4 6.Bd2 O-O 7.a3 Bxc3
8.Bxc3 d5 9.cxd5 Nxd5 10.Qb3 Be6 11.Qxb7 Qd6 12.Qa6 Rab8 13.Qa4
Nxc3 14.bxc3 e4 15.Qc2 Rb3 16.Nh3 Qc5 17.O-O Rxc3 18.Qd2 Rc2
19.Rfc1 Rxd2 20.Rxc5 Nd4 21.Rxc7 Nxe2+ 22.Kf1 exd3 23.Ng5 Bb3
24.Rb7 h6 25.Rxb3 hxg5 26.Ke1 Rc2 27.Rxd3 Nc1 28.Rd1 Re8+ 29.Kf1
Rec8 30.Rb1 R8c7 31.Rd6 Kh7 32.Rb5 g6 33.h3 Re7 34.Rb7 Rxb7 35.Bxb7
Rc7 36.Bc6 Rc8 37.Ba4 Rc3 38.Be8 Rxa3 39.Bxg6+ Kg7 40.Bxf5 a5
41.Rg6+ Kf7 42.Rxg5 a4 43.h4 Ra1 44.Kg2 a3 45.Bh7 a2 46.Bg8+
Kf8 47.h5 Nd3 48.Bxa2 Rxa2 49.Rf5+ Kg7 50.g4 Ra3 51.f3 Ra2+ 52.Kg3
Ra1 53.Kh4 Rh1+ 54.Kg5 Rh3 55.f4 Nf2 56.Ra5 Rg3 57.h6+ Kh8 58.Ra8+
Kh7 59.Ra7+ {=} 1/2-1/2

[Event "Washington Class Championships"]
[Site "Redmond, WA"]
[Date "2012.11.24"]
[Round "4"]
[White "Lapid Shafriri Gil  (WA)"]
[Black "MacGregor Michael  (WA)"]
[Result "0-1"]
[WhiteElo "2198"]
[BlackElo "2214"]
[Annotator ""]
[Source ""]
[Remark "Master"]

1.d4 Nf6 2.Nf3 g6 3.c3 Bg7 4.Bg5 b6 5.Nbd2 Bb7 6.e3 d6 7.Be2
Nbd7 8.O-O O-O 9.a4 a5 10.Qc2 c5 11.Rfe1 Qc7 12.Qb3 e5 13.dxe5
dxe5 14.Bh4 Rac8 15.Nc4 Bd5 16.Red1 Be6 17.Qb5 Ne4 18.Nfd2 Bf6
19.Bxf6 Nexf6 20.e4 Rfd8 21.f3 Rb8 22.Nf1 Bxc4 23.Bxc4 Ne8 24.Ne3
Ndf6 25.Qb3 Nd6 26.Be2 Kg7 27.Nc4 Nxc4 28.Bxc4 Ne8 29.Bd5 Nd6
30.Qc2 Qe7 31.Qc1 Qf6 32.Qe3 Qf4 33.Qxf4 exf4 34.g3 g5 35.gxf4
gxf4 36.Kf2 Kf6 37.Rab1 Rbc8 38.Ba2 Ne8 39.Bd5 Nc7 40.Bb7 Rb8
41.Bc6 Ke5 42.Bb5 Ne6 43.Bd7 Nc7 44.Rd2 Kf6 45.Rbd1 Ke7 46.Bf5
h5 47.Rd7+ Ke8 48.Kg2 b5 49.axb5 Nxb5 50.Kh3 a4 51.Rxd8+ Rxd8
52.Rxd8+ Kxd8 53.Kh4 {??} ( 53.e5 $16 ) Nxc3 54.e5 Nd1 55.Kg5
Ke7 56.Kxf4 Nxb2 57.Bb1 Nd1 58.Bc2 a3 59.Bb3 Nc3 60.Ke3 a2 61.Bxa2
Nxa2 62.Kd3 Ke6 0-1

[Event "Washington Class Championships"]
[Site "Redmond, WA"]
[Date "2012.11.24"]
[Round "2"]
[White "Baturytski Anuta  (WA)"]
[Black "Buntaran Alexius  (WA)"]
[Result "0-1"]
[WhiteElo "405"]
[BlackElo "960"]
[Annotator ""]
[Source ""]
[Remark "F"]

1.e4 e5 2.Nf3 Nc6 3.Bc4 Bc5 4.Nc3 Nf6 5.Ng5 O-O 6.O-O d6 7.d3
Bg4 8.Nf3 Nd4 9.Qd2 {??} Bxf3 10.Nd5 Nxd5 11.Bxd5 c6 12.Bc4 Qf6
13.c3 Qg6 14.g3 Ne2+ 15.Qxe2 Bxe2 16.Re1 Bf3 17.Be3 Qg4 18.Bxc5
Qh3 19.Bxf7+ Rxf7 20.Re2 Qg2# 0-1

[Event "Washington Class Championships"]
[Site "Redmond, WA"]
[Date "2012.11.25"]
[Round "5"]
[White "Vanmane Amith  (WA)"]
[Black "Eva David  (WA)"]
[Result "0-1"]
[WhiteElo "1713"]
[BlackElo "1879"]
[Annotator ""]
[Source ""]
[Remark "A"]

1.e4 e6 2.d4 d5 3.e5 c5 4.c3 Nc6 5.f4 Nh6 6.Nf3 Qb6 7.Nbd2 {?}
cxd4 8.c4 Nf5 9.Bd3 Ne3 10.Qe2 Nb4 11.Kf2 Bc5 12.Kg3 Bd7 13.a3
Nxd3 14.Qxd3 a5 15.b3 O-O 16.Ng5 Nf5+ 17.Kh3 f6 18.g4 fxg5 19.gxf5
Rxf5 20.Nf3 gxf4 21.Nh4 Rxe5 22.Rg1 Rh5 23.Kg2 Rxh4 24.Kh1 dxc4 0-1

[Event "Washington Class Championships"]
[Site "Redmond, WA"]
[Date "2012.11.24"]
[Round "4"]
[White "Warrier Vishnu (WA)"]
[Black "Saarenas Mark  (WA)"]
[Result "1/2-1/2"]
[WhiteElo "1942"]
[BlackElo "1916"]
[Annotator ""]
[Source ""]
[Remark "A"]

1.e4 e6 2.d4 d5 3.exd5 exd5 4.c4 Nc6 5.Be3 Nf6 6.Nc3 Bb4 7.a3
Bxc3+ 8.bxc3 O-O 9.h3 Re8 10.Nf3 Bf5 11.Bd3 Bxd3 12.Qxd3 dxc4
13.Qxc4 Nd5 14.O-O Rxe3 {?!} 15.fxe3 Nxe3 16.Qb5 Nxf1 17.Rxf1
Rb8 18.Ng5 Ne7 19.Qe5 ( 19.Rxf7 {%02 is better} ) Ng6 20.Qf5
Qe8 21.h4 Nf8 22.Nxf7 Qe6 23.Qf3 Re8 24.Ne5 Ng6 25.Re1
( 25.Nxg6 hxg6 26.Qxb7 $16 ) c6 26.h5 Rf8 27.Qd1 Nxe5 28.Rxe5
Qf7 29.Qe2 Qf4 30.Re8 Qc1+ 31.Kh2 Qf4+ 32.Kg1 Qc1+ 33.Kh2 Qf4+
34.Kh3 Qf5+ 35.g4 Qf7 36.Rxf8+ Kxf8 37.Qe5 Qf3+ 38.Kh4 Qf2+ 39.Kg5
h6+ 40.Kg6 Qf7+ 41.Kh7 1/2-1/2

[Event "Washington Class Championships"]
[Site "Redmond, WA"]
[Date "2012.11.24"]
[Round "3"]
[White "Saarenas Mark  (WA)"]
[Black "Vanmane Amith  (WA)"]
[Result "1-0"]
[WhiteElo "1916"]
[BlackElo "1713"]
[Annotator ""]
[Source ""]
[Remark "A"]

1.d4 Nf6 2.Nc3 d5 3.Bg5 g6 4.Qd2 Bf5 5.f3 Bg7 6.g4
( 6.g4 Be6 7.O-O-O c6 8.Bh6 Bxh6 9.Qxh6 Nbd7 10.Nh3 Qa5 11.Nf4
b5 12.g5 Nh5 13.Nxh5 gxh5 14.e4 b4 15.Nb1 dxe4 16.fxe4 Bg4 17.Rd3
b3 18.Rc3 bxa2 {0-1, Clech Jean-Louis (FRA) 2089 - Lebrun Xavier (FRA) 2173, France 2003.10.12}
) Be6 7.Bh6 Bxh6 8.Qxh6 Nc6 9.e3 Qd6 10.O-O-O a6 11.Nge2 O-O-O
12.h3 Rhg8 13.Qh4 Na5 14.e4 dxe4 15.fxe4 Qb4 16.a3 Qb6 17.d5
Qe3+ 18.Kb1 Qf3 ( 18...Bd7 {%02$14/=} ) 19.Rg1 Qe3 20.dxe6 Nxe4
21.Nd5 Nd2+ 22.Rxd2 Qxd2 23.Nxe7+ Kb8 24.Nxg8 Qd1+ 25.Nc1 Rd2
26.Bd3 Qxg1 27.exf7 1-0

[Event "Washington Class Championships"]
[Site "Redmond, WA"]
[Date "2012.11.24"]
[Round "3"]
[White "Wilson Diallo  (WA)"]
[Black "Anthony Ralph  (WA)"]
[Result "1-0"]
[WhiteElo "1641"]
[BlackElo "1641"]
[Annotator ""]
[Source ""]
[Remark "B"]

1.e4 d6 2.Nc3 Nf6 3.f4 g6 4.Nf3 Bg7 5.Bc4 O-O 6.d3 c6 7.O-O b5
8.Bb3 a5 9.a4 b4 10.Ne2 Qb6+ 11.Kh1 Nbd7 12.f5 ( 12.h3 Nc5 13.Be3
Qc7 14.Bxc5 dxc5 15.Qe1 Nd7 16.e5 Nb6 17.Nd2 Nd5 18.Ng3 f5 19.Qf2
Kh8 20.Rae1 Bh6 21.Ne2 Qa7 22.Qh4 Bg7 23.Rf3 Ba6 24.Rg3 c4 25.dxc4
Qf2 26.Nf3 Ne3 27.Ned4 Rad8 28.Re2 Qf1+ 29.Ng1 Rxd4 30.Rgxe3
e6 31.Rf3 Qc1 32.Qf2 Rfd8 33.Kh2 c5 34.Rfe3 Bb7 35.c3 Re4 36.Re1
Qd2 37.R1e2 Qd7 38.Rxe4 Bxe4 39.cxb4 cxb4 40.Nf3 Qd3 41.Bc2 Qxc4
42.Bxe4 fxe4 43.Ng5 Kg8 44.Rxe4 Qc6 45.Rd4 Rf8 46.Rd6 Qc4 47.Rd4
Qc6 48.Qd2 Bh6 49.Rd8 Bxg5 50.Rxf8+ Kxf8 51.fxg5 Qc4 52.Qf2+
Ke7 53.Qf3 Kd7 54.b3 Qd4 55.Qf7+ Kd8 56.Qg8+ Kc7 57.Qxe6 Qf4+
58.Kh1 Qf1+ 59.Kh2 Qf4+ 60.Kg1 Qe3+ 61.Kf1 Qf4+ 62.Ke2 Qe4+ 63.Kd2
Qd4+ 64.Ke1 Qe3+ 65.Kf1 Qf4+ 66.Kg1 Qe3+ 67.Kh1 Qc1+ {1/2-1/2, Monschein Wolfgang (AUT) 2138 - Rogetzer Klaus (AUT) 2135, Austria 2002}
) Kh8 13.fxg6 fxg6 14.Ng5 d5 15.exd5 cxd5 16.Nf4 Ne5 17.Bxd5
Nxd5 18.Nxd5 Qd6 19.Rxf8+ Bxf8 20.Bf4 Qxd5 21.Bxe5+ Bg7
( 21...Qxe5 22.Nf7+ { +-} ) 22.Bxg7+ Kxg7 23.Qf3 Bb7 24.Qxd5
Bxd5 25.Re1 Rf8 26.Kg1 Rf5 27.Ne4 Bc6 28.b3 Kf7 29.Rf1 Bxe4 30.dxe4
Rxf1+ 31.Kxf1 Ke6 32.Ke2 Ke5 33.Kd3 g5 34.g4 Kd6 35.Kc4 Kc6 36.Kd4
Kd6 37.h3 e5+ 38.Kc4 Kc6 39.c3 bxc3 40.Kxc3 Kc5 41.Kd3 Kb4 42.Kc2
Kc5 43.Kc3 Kb6 44.b4 axb4+ 45.Kxb4 h6 46.a5+ Kc6 47.a6 Kb6 48.Kc4
Kxa6 49.Kd5 Kb6 50.Kxe5 Kc7 51.Kf6 Kd8 52.Kf7 1-0

[Event "Washington Class Championships"]
[Site "Redmond, WA"]
[Date "2012.11.24"]
[Round "3"]
[White "Chan James  (CAN)"]
[Black "Sinanan Joshua  (WA)"]
[Result "0-1"]
[WhiteElo "2029"]
[BlackElo "2262"]
[Annotator ""]
[Source ""]
[Remark "Master"]

1.e4 Nf6 2.e5 Nd5 3.c4 Nb6 4.d4 d6 5.exd6 cxd6 6.Nc3 g6 7.Be3
Bg7 8.Rc1 O-O 9.b3 Nc6 10.d5 Ne5 11.Be2 f5 12.f4 Ng4 13.Bd4 Nf6
14.Nf3 Nbd7 15.O-O Nc5 16.Ng5 Bh6 17.Nh3 a5 18.Nf2 Bd7 19.Bf3
Qb6 20.Re1 Rfe8 21.Rb1 Qc7 22.h3 Kf7 23.Qd2 0-1

[Event "Washington Class Championships"]
[Site "Redmond, WA"]
[Date "2012.11.24"]
[Round "3"]
[White "Kannan Aditya  (WA)"]
[Black "Shook Stephan  (WA)"]
[Result "1/2-1/2"]
[WhiteElo "1346"]
[BlackElo "1521"]
[Annotator ""]
[Source ""]
[Remark "C"]

1.e4 c5 2.Nf3 d6 3.d4 cxd4 4.Nxd4 Nf6 5.Nc3 a6 6.h3 g6 7.Be3
Bg7 8.Bc4 O-O 9.Bb3 b5 10.O-O b4 11.Nd5 ( 11.Nd5 Nxe4 12.Qf3
Nc5 13.Bg5 Ra7 14.Qe3 Be6 15.Nxe6 fxe6 16.Nf4 Nc6 17.Nxe6 Nxe6
18.Bxe6+ Kh8 19.Bd5 Nd4 20.Rfe1 Qc7 21.Qxe7 Qxe7 22.Rxe7 Rxe7
23.Bxe7 Re8 24.Bg5 Re5 25.c4 Rxg5 26.Re1 Re5 27.Rd1 Re2 28.a3
Rxb2 29.axb4 Rxb4 30.Ra1 Ne2+ {0-1, Hartwig Thomas E (USA) 2234 - Solon Nathan (USA) 2273, San Francisco (USA) 1999}
) Bb7 12.Nxf6+ Bxf6 13.Bh6 Bg7 14.Bxg7 Kxg7 15.Re1 Qd7 16.Qe2
e5 17.Nf3 a5 18.Rad1 Qc7 19.Bd5 Bxd5 20.Rxd5 Ra6 21.Qd3 Rd8 {?}
( 21...Rc8 {=} ) 22.Nxe5 Rc8 23.Nf3 {?!} ( 23.Ng4 ) Qxc2 24.Qxc2
{%02? gives up what advantage remains} ( 24.Qd4+ {%02 $14/$16} )
Rxc2 25.Rb1 Rc5 26.Rxc5 dxc5 1/2-1/2